000
00240nam a2200109Ia 4500
008
190216s9999||||xx |||||||||||||| ||und||
100
_a
Radhakrishnan C
245
0
_a
Chuzhali
260
_b
Current Books
650
_a
Malayalam
942
_c
BK
999
_c
23810
_d
23810